000 00500nam a22001697a 4500
005 20260513160211.0
008 260513b |||||||| |||| 00| 0 eng d
020 _a9781631570810
041 _aEng
082 _a339 SNA
100 _aSnarr, Hal W.
245 _aLearning Basic Macroeconomics: A Policy Perspective from Different Schools of Thought
260 _aNew York
_bBusiness Expert Press
_c2014
300 _a137;. P. 23 cm
650 _aMicroeconomics; General Management
942 _cBK
999 _c46565
_d46565